000 00662nam a2200217 a 4500
999 _c3416
_d3416
001 3416
003 BD-JhCC
005 20171113185741.0
008 171113s1375 bg |||| ||a| 00| 0 ben d
035 _a(BD-JhCC)3416
040 _aBD-JhCC
_dBD-JhCC
041 _aben
082 _a891.442
_bULL 1375
100 _aউল্লাহ, সৈয়দ ওয়ালী
245 _aতরঙ্গ ভঙ্গ /
_c সৈয়দ ওয়ালী উল্লাহ
260 _aঢাকা :
_bনওরোজ কিতাবিস্তান,
_c1375.
300 _a88 p. :
_c22 cm.
650 _aBengali Drama
942 _2ddc
_cBK